000 00913cam a2200277 a 4500
008
024 3 _a9781412902854 (pbk.)
049 _aMAIN
090 _aHC59.7
_bDOI
245 0 0 _aDoing development research /
_cedited by Vandana Desai and Robert B. Potter.
260 _aLondon :
_bSAGE,
_c2006.
300 _axi, 324 p. :
_bill. ;
_c24 cm.
500 _aIncludes index.
504 _aIncludes bibliographical references.
650 0 _aAction research.
651 0 _aDeveloping countries
_xEconomic conditions
_xResearch.
651 0 _aDeveloping countries
_xSocial conditions
_xResearch.
651 0 _aDeveloping countries
_xPolitics and government
_xResearch.
700 1 _aDesai, Vandana.
700 1 _aPotter, Robert B.
907 _a.b10328075
_b20-03-13
_c04-03-13
003
005 20230123122001.0
040 _cNUST
942 _cBOOKS
_kHC59.7
_mDOI
999 _c125800
_d125800